000 01868cam a2200553 a 4500
999 _c23188
_d23188
001 vtls001484245
005 20220421130512.0
008 171201s2003 xo ob grn 00000dslo
020 _a8088993709
_q(viazané)
035 _aSNK000439539
040 _aSNK
_bslo
_cSNK
_eAACR2
041 1 _aslo
_heng
044 _axo
_cSK
072 7 _a2
_xNáboženstvo
_2konspekt
080 _a091.13(=411.16)
_22011
080 _a27-788.435
_22011
080 _a316.722(3)
_22011
080 _a251
_22011
080 _a(5-15)
_22011
080 _a(0.062)
_22011
080 _a061.251
_22011
080 _a2-5
_22011
080 _a091"652"
_22011
080 _a2-252
_22011
080 _a27-874
_22011
100 1 _aKnight, Chris,
_d1950-
_4aut
_92825
240 1 4 _aThe Hiram key
_lSlovensky
245 1 0 _aChíramov kľúč
_bfaraóni, slobodomurári a objav tajných zvitkov
_cChris Knight, Robert Lomas ; [z anglického originálu preložila Zuzana Ladzianska]
250 _a1. vyd.
260 _aBratislava
_bRemedium
_c2003
300 _a416 strán, 16 nečíslovaných strán obrazových príloh
_bfotografie, mapy
_c21 cm
500 _aObsahuje biografické údaje
600 0 7 _aJežiš Kristus
_2SNKMA
_92826
630 0 7 _aKumránske zvitky
_2SNKPH
_92827
650 0 7 _aslobodomurárstvo
_2SNKPH
_92828
650 0 7 _atemplári
_2SNKPH
_92829
650 0 7 _astaroveké civilizácie
_2SNKPH
_92830
650 0 7 _aegyptské náboženstvo
_2SNKPH
_92831
650 0 7 _arituály a obrady
_2SNKPH
_92832
650 0 7 _astaroveké rukopisy
_2SNKPH
_92833
650 0 7 _aapokryfy
_2SNKPH
_92834
650 0 7 _agnosticizmus
_2SNKPH
_92835
651 7 _aBlízky východ
_2SNKPHgeo
_92836
655 7 _apopulárno-náučné publikácie
_2SNKPH
_91486
700 1 _aLomas, Robert,
_d1947-
_4aut
_92837
700 1 _aLadzianska, Zuzana
_4trl
_92838
958 _aNB
958 _aOP